[Event "International Tournament "]
[Site "Pool "]
[Date "2022.07.09"]
[Round "2.41"]
[White "Pikula, Dejan"]
[Black "Poupalos, Nikolaos"]
[Result "0-1"]
[WhiteElo "2325"]
[BlackElo "2064"]
[PlyCount "64"]
[EventDate "2022.07.08"]

1. e4 c5 2. Nf3 d6 3. Bb5+ Nd7 4. O-O a6 5. Bd3 Ngf6 6. c3 b5 7. a4 Bb7 8. axb5
axb5 9. Rxa8 Bxa8 10. Bxb5 Bxe4 11. d3 Bb7 12. Bg5 e6 13. Nbd2 Be7 14. Bxf6
gxf6 15. Qa4 Bc8 16. Qa7 O-O 17. Ra1 Nb6 18. d4 e5 19. dxc5 dxc5 20. Nc4 Nxc4
21. Bxc4 e4 22. Ne1 f5 23. g3 f4 24. gxf4 Kh8 25. Ng2 Rg8 26. Bf1 Bg4 27. Qb7
Bf3 28. h3 Qf8 29. Kh2 Bd6 30. Qd5 Qg7 31. Ra8 Bxf4+ 32. Kg1 Bb8 0-1

[Event "International Tournament "]
[Site "Pool "]
[Date "2022.07.09"]
[Round "2.42"]
[White "Ozturk, Efe Hakan"]
[Black "Lu, Miaoyi"]
[Result "1-0"]
[WhiteElo "2115"]
[BlackElo "2322"]
[PlyCount "243"]
[EventDate "2022.07.08"]

1. d4 Nf6 2. c4 e6 3. Nf3 d5 4. g3 dxc4 5. Bg2 c5 6. Qa4+ Bd7 7. Qxc4 b5 8. Qc2
Na6 9. dxc5 Bxc5 10. O-O Rc8 11. Qb3 b4 12. Ne5 Bb5 13. Nc3 Qa5 14. a4 Bd7 15.
Nc4 Qd8 16. Nb5 O-O 17. Bb7 Bxf2+ 18. Rxf2 Nc5 19. Qxb4 a5 20. Nxa5 Bxb5 21.
Bxc8 Qd1+ 22. Rf1 Qxe2 23. Qxb5 Nd3 24. Ba6 Ng4 25. Qh5 f5 26. Ra3 Qe5 27. Rxd3
Qxa5 28. Bb5 Qa7+ 29. Kg2 Qa8+ 30. Rdf3 Rc8 31. Bd3 Ne5 32. Bxf5 exf5 33. Qxf5
Nxf3 34. Rxf3 Re8 35. Qf7+ Kh8 36. Kf2 Qc8 37. Qf4 Qc2+ 38. Bd2 h6 39. Qb4 Kh7
40. Qc3 Qd1 41. Qd3+ Kh8 42. Bb4 Qh1 43. Rf8+ Rxf8+ 44. Bxf8 Qxh2+ 45. Kf1 Qh1+
46. Ke2 Qg2+ 47. Kd1 Qg1+ 48. Kc2 Qf2+ 49. Kc3 Qf6+ 50. Kc4 Qa6+ 51. Kd4 Qf6+
52. Kd5 Qxf8 53. b3 Qb4 54. Qc4 Qd2+ 55. Kc5 Qe3+ 56. Kb4 Qxg3 57. a5 Qe1+ 58.
Kb5 Qe5+ 59. Ka4 Qa1+ 60. Kb5 Qe5+ 61. Qc5 Qe2+ 62. Kb4 Qe1+ 63. Ka4 Qa1+ 64.
Kb5 Qf1+ 65. Qc4 Qf5+ 66. Kb4 Qf8+ 67. Ka4 Qe8+ 68. Ka3 Qf8+ 69. b4 Qf3+ 70.
Ka4 Qd1+ 71. Kb5 Qd7+ 72. Qc6 Qd3+ 73. Kb6 Qd4+ 74. Qc5 Qf6+ 75. Kb7 Qf7+ 76.
Kb8 Qf4+ 77. Ka7 Qf7+ 78. Ka6 Qe6+ 79. Qb6 Qc8+ 80. Ka7 Qd7+ 81. Ka8 h5 82. a6
h4 83. a7 h3 84. Kb8 h2 85. a8=Q Qe8+ 86. Ka7 Qxa8+ 87. Kxa8 h1=Q+ 88. Ka7 Qa1+
89. Kb7 Qe5 90. b5 Qe4+ 91. Qc6 Qe7+ 92. Kb8 Qe5+ 93. Ka8 Kh7 94. b6 Qa5+ 95.
Kb7 Qe5 96. Kc8 Qf5+ 97. Qd7 Qc5+ 98. Kb7 Qe5 99. Qd3+ Kh6 100. Kc6 Qe8+ 101.
Kc7 g6 102. Qh3+ Kg5 103. Qg3+ Kh5 104. Qf3+ Kh6 105. Qf4+ Kh5 106. b7 Qe7+
107. Kc6 Qe8+ 108. Kb6 Qe6+ 109. Ka7 Qa2+ 110. Kb8 Qd5 111. Qh2+ Kg4 112. Qe2+
Kf5 113. Qe7 g5 114. Kc7 Qc4+ 115. Kd8 Qg8+ 116. Qe8 Qb3 117. Qd7+ Ke4 118. Kc7
Qg3+ 119. Qd6 Qxd6+ 120. Kxd6 g4 121. b8=Q g3 122. Qa8+ 1-0

[Event "International Tournament "]
[Site "Pool "]
[Date "2022.07.09"]
[Round "2.43"]
[White "Jocev, Milan"]
[Black "Kolbert, Engelbert"]
[Result "1/2-1/2"]
[WhiteElo "2317"]
[BlackElo "2084"]
[PlyCount "102"]
[EventDate "2022.07.08"]

1. Nf3 d5 2. d4 c6 3. c4 Nf6 4. e3 g6 5. Nc3 Bg7 6. h3 O-O 7. cxd5 cxd5 8. Bd3
Nc6 9. O-O Re8 10. b3 e5 11. Bb5 exd4 12. Nxd4 Bd7 13. Bxc6 bxc6 14. Na4 Ne4
15. Ba3 Qg5 16. f4 Qg3 17. Rf3 Qh4 18. Rc1 Rac8 19. Nc5 Nxc5 20. Bxc5 a6 21.
Qd2 Re4 22. Qf2 Qf6 23. Qd2 Qh4 24. Ne2 Ree8 25. Nd4 Re4 26. b4 h6 27. Ne2 g5
28. fxg5 hxg5 29. Rcf1 Be5 30. R1f2 f5 31. Nc3 g4 32. g3 Bxg3 33. Rxg3 Qxg3+
34. Rg2 Qxh3 35. Nxe4 fxe4 36. Qf2 Qf3 37. Qh4 Qd1+ 38. Kh2 Qf3 39. Qg5+ Kf7
40. Qh5+ Ke6 41. Qg6+ Qf6 42. Qxg4+ Qf5 43. Qg6+ Qxg6 44. Rxg6+ Kf5 45. Rd6 Be6
46. Kg3 d4 47. Bxd4 Bxa2 48. Kh4 Be6 49. Kg3 Rg8+ 50. Kf2 Rc8 51. Kg3 Rg8+
1/2-1/2

[Event "International Tournament "]
[Site "Pool "]
[Date "2022.07.09"]
[Round "2.44"]
[White "Ahmad, Khagan"]
[Black "Taspinar, Yanki"]
[Result "0-1"]
[WhiteElo "2081"]
[BlackElo "2311"]
[PlyCount "70"]
[EventDate "2022.07.08"]

1. e4 e5 2. Nf3 Nc6 3. Bb5 a6 4. Ba4 Nf6 5. O-O b5 6. Bb3 Bb7 7. Re1 Bc5 8. c3
d6 9. d4 Bb6 10. d5 Ne7 11. Nbd2 c6 12. c4 O-O 13. Bc2 Ng4 14. Re2 Bxf2+ 15.
Rxf2 Ne3 16. Qe2 Nxc2 17. Rb1 Nb4 18. Nf1 bxc4 19. Qxc4 a5 20. dxc6 Ba6 21. Qb3
Bd3 22. Ra1 Bxe4 23. Ng3 Bg6 24. h4 h5 25. Ng5 Nbxc6 26. Be3 Rb8 27. Qd1 Rb4
28. Nxh5 Rxh4 29. g4 Qd7 30. Rg2 f6 31. Qb3+ d5 32. Nf3 Rxg4 33. Ng3 Nf5 34.
Nxf5 Rxg2+ 35. Kxg2 Bxf5 0-1

[Event "International Tournament "]
[Site "Pool "]
[Date "2022.07.09"]
[Round "2.45"]
[White "Vishwa, Vasnawala"]
[Black "Georgoulias, Dionisios"]
[Result "1-0"]
[WhiteElo "2305"]
[BlackElo "1904"]
[PlyCount "169"]
[EventDate "2022.07.08"]

1. d4 d5 2. c4 dxc4 3. Nf3 Nf6 4. e3 e6 5. Bxc4 c5 6. O-O a6 7. dxc5 Qxd1 8.
Rxd1 Bxc5 9. Be2 O-O 10. Nbd2 Rd8 11. Ne5 Bd7 12. Nb3 Bb6 13. Bf3 Nc6 14. Nc4
Ba7 15. Nd6 Rab8 16. Nxb7 Rxb7 17. Bxc6 Rc7 18. Bxd7 Rcxd7 19. Rxd7 Rxd7 20.
Bd2 Ne4 21. Rc1 f5 22. Be1 Kf7 23. Kf1 Bb6 24. Ke2 Rb7 25. Rc2 Nf6 26. Nc1 e5
27. b4 Ke6 28. Nb3 Nd7 29. a4 Kd5 30. Bd2 Rc7 31. Rxc7 Bxc7 32. Kd3 e4+ 33. Kc2
Bxh2 34. Nd4 f4 35. Ne2 fxe3 36. Bxe3 Be5 37. Kb3 Bf6 38. b5 axb5 39. axb5 Bd8
40. Nc3+ Ke5 41. Kc4 g5 42. Bd4+ Kf5 43. Kd5 Nf6+ 44. Bxf6 Bxf6 45. Nxe4 Bd8
46. Nd6+ Kf4 47. Nc4 h5 48. Ke6 h4 49. Kd7 Bf6 50. b6 Bd4 51. b7 Ba7 52. Kc8 g4
53. g3+ Kf3 54. gxh4 Kxf2 55. Ne5 g3 56. Nc6 g2 57. Nxa7 g1=Q 58. b8=Q Qg4+ 59.
Kb7 Qxh4 60. Qf8+ Kg2 61. Qg7+ Qg3 62. Qb2+ Qf2 63. Qe5 Qg3 64. Qe2+ Qf2 65.
Qc4 Qf1 66. Qg4+ Kh2 67. Nc6 Qh3 68. Qf4+ Qg3 69. Qd4 Qf3 70. Kb6 Qb3+ 71. Kc7
Qf7+ 72. Kd6 Qg6+ 73. Kd5 Qf7+ 74. Kc5 Qe6 75. Ne5 Qc8+ 76. Kb4 Qb7+ 77. Kc3
Kg3 78. Qg4+ Kf2 79. Nd3+ Kf1 80. Qf4+ Kg1 81. Qf2+ Kh1 82. Qf1+ Kh2 83. Qf4+
Kg1 84. Qe3+ Kf1 85. Qf2# 1-0

[Event "International Tournament "]
[Site "Pool "]
[Date "2022.07.09"]
[Round "2.46"]
[White "Shoshin, Kirill"]
[Black "Tsaknakis, Zisis"]
[Result "0-1"]
[WhiteElo "2055"]
[BlackElo "2266"]
[PlyCount "60"]
[EventDate "2022.07.08"]

1. d4 d5 2. c4 e6 3. Nc3 Nf6 4. cxd5 exd5 5. Bg5 c6 6. e3 h6 7. Bh4 Be7 8. Qc2
O-O 9. Bd3 Re8 10. Nge2 Nbd7 11. O-O a5 12. f3 b5 13. a3 Ba6 14. e4 dxe4 15.
Nxe4 Nxe4 16. Bxe7 Qxe7 17. fxe4 c5 18. Nc3 cxd4 19. Nd5 Qf8 20. Qe2 Rac8 21.
Rf3 Bb7 22. Qf2 Ne5 23. Rg3 Nxd3 24. Nf6+ Kh8 25. Qf5 Bxe4 26. Nxe4 Qe7 27.
Qxb5 Nc1 28. Qf1 Qxe4 29. Rxc1 Rxc1 30. Qxc1 d3 0-1

[Event "International Tournament "]
[Site "Pool "]
[Date "2022.07.09"]
[Round "2.47"]
[White "Toncheva, Nadya"]
[Black "Thrish, Karthik"]
[Result "1/2-1/2"]
[WhiteElo "2228"]
[BlackElo "2055"]
[PlyCount "54"]
[EventDate "2022.07.08"]

1. d4 d5 2. c4 dxc4 3. Nf3 a6 4. e3 Bg4 5. Bxc4 e6 6. h3 Bh5 7. Nc3 Nf6 8. g4
Bg6 9. h4 b5 10. h5 Bxh5 11. Bxe6 fxe6 12. gxh5 Bb4 13. h6 g6 14. Bd2 Bxc3 15.
Bxc3 Qd5 16. Rg1 Ne4 17. Ne5 Nd7 18. Nxd7 Kxd7 19. Rc1 Rhf8 20. Ba5 Rac8 21.
Rc2 Rf7 22. b3 Ng5 23. Rc5 Nf3+ 24. Kf1 Nh2+ 25. Ke1 Nf3+ 26. Kf1 Nh2+ 27. Ke1
Nf3+ 1/2-1/2

[Event "International Tournament "]
[Site "Pool "]
[Date "2022.07.09"]
[Round "2.48"]
[White "Aditya, Varun Gampa"]
[Black "Kecskemeti, Arpad"]
[Result "1/2-1/2"]
[WhiteElo "1980"]
[BlackElo "2210"]
[PlyCount "57"]
[EventDate "2022.07.08"]

1. e4 c5 2. Nf3 d6 3. Nc3 Nf6 4. e5 dxe5 5. Nxe5 a6 6. g3 Qc7 7. d4 e6 8. Nc4
cxd4 9. Qxd4 Bc5 10. Qf4 Qc6 11. Rg1 O-O 12. Bg2 Nd5 13. Nxd5 exd5 14. Be3 Qe6
15. O-O-O d4 16. Rxd4 Bxd4 17. Bxd4 Qxc4 18. Qe5 f6 19. Bd5+ Kh8 20. Qd6 Qxd5
21. Qxd5 Nc6 22. Bb6 Re8 23. g4 Be6 24. Qh5 Ne5 25. f4 Bf7 26. Qh3 Nc4 27. Bd4
Re4 28. c3 Rae8 29. Qg3 1/2-1/2

[Event "International Tournament "]
[Site "Pool "]
[Date "2022.07.09"]
[Round "2.49"]
[White "Aditya, Chatterjee"]
[Black "Aditya, Mittal"]
[Result "0-1"]
[WhiteElo "1848"]
[BlackElo "2480"]
[PlyCount "84"]
[EventDate "2022.07.08"]

1. e4 c5 2. Nf3 d6 3. Bb5+ Bd7 4. Bxd7+ Nxd7 5. c3 Ngf6 6. Qe2 e6 7. O-O Be7 8.
d4 O-O 9. Bg5 Rc8 10. Rd1 cxd4 11. Nxd4 Qa5 12. Bh4 a6 13. Nd2 Rfe8 14. Nf1 Ne5
15. f3 Ng6 16. Bf2 d5 17. Ng3 Bf8 18. exd5 Nxd5 19. Qc2 Ndf4 20. Nde2 Nd5 21.
Nd4 b5 22. a4 b4 23. c4 Ndf4 24. b3 Nh4 25. Qe4 Nhxg2 26. Nde2 f5 27. Qc2 Bc5
28. Bd4 Nh4 29. Bxc5 Qxc5+ 30. Kh1 Nh3 31. Nd4 Rcd8 32. Qb2 e5 33. Ndxf5 Nf2+
34. Qxf2 Qxf2 35. Nxh4 Rd4 36. Rf1 Qc2 37. Nhf5 Rd2 38. Ne3 Qxb3 39. Ngf5 g6
40. Nh6+ Kg7 41. Nhg4 h5 42. Rab1 Qd3 0-1

[Event "International Tournament"]
[Site "Pool "]
[Date "2022.07.09"]
[Round "2.50"]
[White "Nikolov, Yavor"]
[Black "Harikrishnan.A.Ra"]
[Result "1-0"]
[WhiteElo "2138"]
[BlackElo "2396"]
[PlyCount "77"]
[EventDate "2022.07.08"]

1. e4 c5 2. Nf3 d6 3. d4 cxd4 4. Qxd4 a6 5. Be2 Nc6 6. Qe3 Nf6 7. h3 g6 8. O-O
Bg7 9. c4 O-O 10. Nc3 Be6 11. Rb1 Qa5 12. a3 Rac8 13. b4 Qd8 14. Bb2 Nd7 15.
Rfc1 f5 16. Nd5 h6 17. Nf4 Bf7 18. Bxg7 Kxg7 19. exf5 g5 20. Ne6+ Bxe6 21. fxe6
Nf6 22. Nxg5 Ne5 23. f4 hxg5 24. fxe5 dxe5 25. Qxg5+ Kh7 26. Qxe5 Qd2 27. Rd1
Qh6 28. Rb3 Rg8 29. Rg3 Rxg3 30. Qxg3 Rg8 31. Qf3 Qh4 32. Qxb7 Rg7 33. Qf3 Rg3
34. Qf2 Qg5 35. Rd3 Qc1+ 36. Kh2 Rg6 37. Rg3 Rxg3 38. Qxg3 Qd2 39. Bd3+ 1-0

[Event "International Tournament"]
[Site "Pool "]
[Date "2022.07.09"]
[Round "2.51"]
[White "Phatak, Aanjaneya"]
[Black "Pavlov, Mark"]
[Result "0-1"]
[WhiteElo "2128"]
[BlackElo "2385"]
[PlyCount "70"]
[EventDate "2022.07.08"]

1. e4 e6 2. d4 d5 3. Nc3 Nf6 4. Bg5 Bb4 5. e5 h6 6. Bd2 Bxc3 7. bxc3 Ne4 8. Bc1
c5 9. Ne2 cxd4 10. cxd4 Nc6 11. c3 Qa5 12. Qb3 f6 13. f3 Ng5 14. exf6 gxf6 15.
h4 Nf7 16. Ba3 Bd7 17. O-O-O O-O-O 18. Nf4 Qc7 19. Ng6 Rhe8 20. Bc5 b6 21. Ba6+
Kb8 22. Rd2 Ka8 23. Ba3 Na5 24. Qb4 Bc6 25. Ne7 Nd6 26. Nxc6 Qxc6 27. Re2 Nac4
28. Bxc4 Nxc4 29. Kb1 Qb5 30. Bc1 Na3+ 31. Bxa3 Qxe2 32. Qa4 Qc4 33. Qc2 Rc8
34. Bb2 e5 35. Rd1 exd4 0-1

[Event "International Tournament"]
[Site "Pool "]
[Date "2022.07.09"]
[Round "2.52"]
[White "Utsab, Chatterjee"]
[Black "Marjanovic, Rastko"]
[Result "1-0"]
[WhiteElo "2377"]
[BlackElo "2140"]
[PlyCount "83"]
[EventDate "2022.07.08"]

1. e4 e5 2. Nf3 Nc6 3. Bb5 a6 4. Ba4 Nge7 5. c3 g6 6. d4 exd4 7. cxd4 Bg7 8. d5
b5 9. Bc2 Nb4 10. Bb3 a5 11. a3 Na6 12. d6 cxd6 13. Nc3 Nc7 14. Bf4 O-O 15. O-O
Bb7 16. Qxd6 Ne6 17. Be5 Ra6 18. Qd2 Bxe5 19. Nxe5 Nc5 20. Bc2 Re6 21. Qd4 Qb6
22. Rfd1 Rd8 23. Ng4 f6 24. b4 axb4 25. axb4 Na4 26. Nxb5 Qxb5 27. Bxa4 Qg5 28.
Bb3 d5 29. exd5 Red6 30. Ne3 Nf5 31. Nxf5 Qxf5 32. Ra5 Qh5 33. Re1 Qg5 34. h4
Qf5 35. Rb5 Qd7 36. Rb6 Qc7 37. Rxd6 Qxd6 38. Re6 Qb8 39. d6 Kh8 40. d7 Kg7 41.
Qe3 Rxd7 42. Re8 1-0

[Event "International Tournament"]
[Site "Pool "]
[Date "2022.07.09"]
[Round "2.53"]
[White "Pasti, Aron"]
[Black "Radisavljevic, Dalibor"]
[Result "0-1"]
[WhiteElo "2365"]
[BlackElo "2135"]
[PlyCount "66"]
[EventDate "2022.07.08"]

1. e4 c5 2. Nf3 d6 3. d4 cxd4 4. Nxd4 Nf6 5. Nc3 g6 6. Be3 Bg7 7. f3 O-O 8. Qd2
Nc6 9. O-O-O d5 10. exd5 Nxd5 11. Nxc6 bxc6 12. Bd4 Bxd4 13. Qxd4 Qb6 14. Na4
Qa5 15. b3 Be6 16. Kb2 Nb6 17. Nc3 Rad8 18. Qf2 Rxd1 19. Nxd1 c5 20. c4 Qb4 21.
a3 Na4+ 22. Ka2 Nc3+ 23. Nxc3 Qxc3 24. Qb2 Qe1 25. Qe2 Qa5 26. Qc2 Bf5 27. Bd3
Bxd3 28. Qxd3 Rd8 29. b4 cxb4 30. Qe3 Rd2+ 31. Ka1 Rxg2 32. Rc1 Qa4 33. Rb1
Qxa3+ 0-1

[Event "International Tournament"]
[Site "Pool "]
[Date "2022.07.09"]
[Round "2.54"]
[White "Martic, Ivan"]
[Black "Al Atarji, Sami"]
[Result "0-1"]
[WhiteElo "2300"]
[BlackElo "2128"]
[PlyCount "96"]
[EventDate "2022.07.08"]

1. d4 Nf6 2. c4 e6 3. Nf3 Bb4+ 4. Nbd2 b6 5. a3 Bxd2+ 6. Qxd2 Bb7 7. e3 d6 8.
Be2 Nbd7 9. O-O O-O 10. b4 Ne4 11. Qc2 f5 12. d5 e5 13. Nd2 Nxd2 14. Bxd2 Qe7
15. Rae1 c6 16. dxc6 Bxc6 17. f3 Rf6 18. Rd1 Raf8 19. Be1 Rh6 20. Qd2 Qg5 21.
a4 f4 22. exf4 exf4 23. c5 bxc5 24. bxc5 dxc5 25. Bb5 Nb6 26. Bxc6 Rxc6 27. a5
Nc8 28. Qa2+ c4 29. Qa4 Ne7 30. Rd7 Rfc8 31. Bc3 Rg6 32. Rf2 Nd5 33. Re2 h6 34.
Bd4 a6 35. Qa2 Qf5 36. Rb7 Qd3 37. Rd2 Qxf3 38. Qc2 Ne3 39. Bxe3 Qxe3+ 40. Kf1
Rg5 41. Rdd7 f3 42. g3 Qe6 43. Rdc7 Qh3+ 44. Kg1 Rxc7 45. Rxc7 Rxg3+ 46. hxg3
Qxg3+ 47. Kh1 Qxc7 48. Qf5 Qc6 0-1

[Event "International Tournament"]
[Site "Pool "]
[Date "2022.07.09"]
[Round "2.55"]
[White "Stankovic, Boris"]
[Black "Panda, Sambit"]
[Result "1/2-1/2"]
[WhiteElo "2286"]
[BlackElo "2123"]
[PlyCount "99"]
[EventDate "2022.07.08"]

1. e4 c6 2. d4 d5 3. exd5 cxd5 4. Bf4 Nf6 5. c3 Bf5 6. Nd2 Nc6 7. Qb3 Qc8 8.
Ngf3 e6 9. Nh4 Be4 10. Nxe4 Nxe4 11. Nf3 Bd6 12. Bxd6 Nxd6 13. Bd3 Qc7 14. O-O
O-O-O 15. a4 Na5 16. Qc2 h6 17. Nd2 Nac4 18. Bxc4 Nxc4 19. Nxc4 Qxc4 20. a5 Kb8
21. Ra4 Qc7 22. a6 b6 23. Qe2 Rc8 24. Rc1 Qf4 25. Rc2 Rc6 26. g3 Qe4 27. Qxe4
dxe4 28. Re2 f5 29. Kg2 Rd8 30. f3 exf3+ 31. Kxf3 Rd5 32. Ra1 Kc7 33. Rae1 Kd7
34. Re5 Rxe5 35. Rxe5 Kd6 36. g4 g6 37. gxf5 gxf5 38. Kf4 Rc4 39. Re3 Ra4 40.
Rh3 Rxa6 41. Rxh6 Ra2 42. b3 b5 43. h4 Rc2 44. Rh8 Rxc3 45. h5 Ke7 46. Rh7+ Kf6
47. Rh6+ Kf7 48. Rh7+ Kf6 49. Rh6+ Kf7 50. Rh7+ 1/2-1/2

[Event "International Tournament"]
[Site "Pool "]
[Date "2022.07.09"]
[Round "2.56"]
[White "Nikolic, Zoran S"]
[Black "Vafiadis, Kleanthis"]
[Result "0-1"]
[WhiteElo "2107"]
[BlackElo "2286"]
[PlyCount "102"]
[EventDate "2022.07.08"]

1. d4 Nf6 2. c4 c5 3. d5 b5 4. cxb5 a6 5. bxa6 Bxa6 6. Nc3 g6 7. Nf3 Bg7 8. e4
Bxf1 9. Kxf1 d6 10. g3 Nbd7 11. Kg2 O-O 12. Re1 Ng4 13. Nd2 Nge5 14. Qe2 Nb6
15. f4 Ned7 16. Nf3 Na4 17. e5 Ndb6 18. Nxa4 Rxa4 19. b3 Ra7 20. Bb2 Nxd5 21.
exd6 exd6 22. Bxg7 Kxg7 23. Qd2 Qa8 24. Re2 Rd8 25. Qb2+ Kg8 26. Qd2 Nf6 27. f5
Qd5 28. fxg6 hxg6 29. Qxd5 Nxd5 30. Rd2 Nc3 31. Rc2 Ne4 32. b4 Ra3 33. bxc5
dxc5 34. Re1 f5 35. Ne5 Kg7 36. Nc4 Ra4 37. Rec1 Rd4 38. Ne5 Kf6 39. Nf3 Rd6
40. Rb1 Rda6 41. Ra1 Rd6 42. Rac1 Ra3 43. Rb1 g5 44. Rbb2 g4 45. Ng1 Rda6 46.
Ne2 R3a4 47. Nf4 c4 48. Nd5+ Ke5 49. Ne3 c3 50. Rb5+ Ke6 51. Rxf5 Rxa2 0-1

[Event "International Tournament"]
[Site "Pool "]
[Date "2022.07.09"]
[Round "2.57"]
[White "Bhattacharyya, Soham"]
[Black "Nurmanova, Alua"]
[Result "1-0"]
[WhiteElo "2099"]
[BlackElo "2275"]
[PlyCount "53"]
[EventDate "2022.07.08"]

1. d4 Nf6 2. Bf4 g6 3. Nc3 d5 4. e3 Bg7 5. h4 h5 6. Be2 O-O 7. Nf3 c5 8. dxc5
Qa5 9. O-O Qxc5 10. Na4 Qa5 11. c4 dxc4 12. Bxc4 Bg4 13. Qb3 Bxf3 14. gxf3 e5
15. Bg3 Nc6 16. Rac1 Rab8 17. Bxf7+ Rxf7 18. Rxc6 bxc6 19. Qxb8+ Rf8 20. Qb3+
Kh8 21. Nc3 Nd5 22. Ne4 Rxf3 23. Ng5 Rf8 24. Ne6 Re8 25. Qb7 Bf6 26. Qxc6 Rg8
27. Nc5 1-0

[Event "International Tournament"]
[Site "Pool "]
[Date "2022.07.09"]
[Round "2.58"]
[White "Chitlange, Sakshi"]
[Black "Radosavljevic, Slobodan D"]
[Result "1-0"]
[WhiteElo "2216"]
[BlackElo "2102"]
[PlyCount "76"]
[EventDate "2022.07.08"]

1. d4 c5 2. d5 Nf6 3. Nc3 g6 4. e4 d6 5. Nf3 Bg7 6. Be2 O-O 7. O-O e6 8. dxe6
Bxe6 9. Bg5 h6 10. Bxf6 Bxf6 11. Qd2 Bg7 12. Rfd1 Nc6 13. Nd5 Nd4 14. Nf4 Nxe2+
15. Qxe2 Qf6 16. Nxe6 Qxe6 17. Qd3 Rfe8 18. c3 Qxe4 19. Qxd6 Bf8 20. Qc7 Rec8
21. Qd7 Bg7 22. Rd6 Qe8 23. Re1 Qxd7 24. Rxd7 b5 25. Ree7 Rf8 26. Rxa7 b4 27.
cxb4 cxb4 28. b3 Rxa7 29. Rxa7 Rc8 30. Kf1 g5 31. Ne1 Rc1 32. Ke2 Bc3 33. Nd3
Rc2+ 34. Ke3 Kg7 35. Ra4 f5 36. g3 Bd2+ 37. Kd4 Bc3+ 38. Ke3 Kf7 1-0

[Event "International Tournament"]
[Site "Pool "]
[Date "2022.07.09"]
[Round "2.59"]
[White "Micic, Aleksa"]
[Black "Gavrilov, Maxim"]
[Result "1-0"]
[WhiteElo "2092"]
[BlackElo "2216"]
[PlyCount "91"]
[EventDate "2022.07.08"]

1. e4 d5 2. exd5 Nf6 3. d4 Bg4 4. f3 Bf5 5. g4 Bg6 6. c4 e6 7. Nc3 exd5 8. g5
Nfd7 9. Nxd5 Nc6 10. h4 Nb6 11. Qe2+ Be7 12. Nxe7 Qxe7 13. Qxe7+ Kxe7 14. Be3
Nb4 15. Kf2 Rhe8 16. d5 Kd8 17. Bd4 Nd3+ 18. Bxd3 Bxd3 19. b3 a5 20. Rd1 Bf5
21. Bxg7 a4 22. c5 axb3 23. axb3 Nd7 24. b4 Ra2+ 25. Kg3 Bc2 26. Rd2 Re1 27. c6
Nb8 28. cxb7 Bb3 29. Rxa2 Bxa2 30. Kf2 Rb1 31. h5 Rxb4 32. g6 fxg6 33. hxg6
hxg6 34. Bf6+ Kd7 35. Rh7+ Ke8 36. Re7+ Kf8 37. Rxc7 Rb5 38. d6 Be6 39. Rc8+
Kf7 40. Rxb8 Kxf6 41. Rf8+ Ke5 42. b8=Q Rxb8 43. Rxb8 Kxd6 44. Kg3 Bf5 45. Kf4
Kd5 46. Rb5+ 1-0

[Event "International Tournament"]
[Site "Pool "]
[Date "2022.07.09"]
[Round "2.60"]
[White "Sanket, Chakravarty"]
[Black "Munkhzul, Davaakhuu"]
[Result "1-0"]
[WhiteElo "2209"]
[BlackElo "2095"]
[PlyCount "59"]
[EventDate "2022.07.08"]

1. c4 e6 2. Nf3 d5 3. e3 Nf6 4. Nc3 Be7 5. b3 b6 6. Bb2 dxc4 7. bxc4 c5 8. Qc2
Nc6 9. Be2 O-O 10. h4 Nb4 11. Qb1 Bb7 12. a3 Nc6 13. Qc2 a6 14. Ng5 Ne5 15. f4
Ned7 16. Bf3 Bxf3 17. gxf3 h6 18. Nce4 Re8 19. O-O-O hxg5 20. hxg5 Nxe4 21.
Qxe4 Nf8 22. Rh5 f6 23. Rdh1 fxg5 24. Bxg7 Kf7 25. Be5 Bf6 26. Rxg5 Re7 27.
Bxf6 Kxf6 28. Rh6+ Kf7 29. Rh7+ Nxh7 30. Qg6+ 1-0

[Event "International Tournament"]
[Site "Pool "]
[Date "2022.07.09"]
[Round "2.61"]
[White "Bogdanov, Artyom"]
[Black "Srija, Seshadri"]
[Result "1/2-1/2"]
[WhiteElo "2059"]
[BlackElo "2208"]
[PlyCount "125"]
[EventDate "2022.07.08"]

1. e4 e5 2. Nf3 Nc6 3. Bb5 Nge7 4. O-O a6 5. Ba4 d6 6. c3 Bd7 7. d4 g6 8. dxe5
dxe5 9. Be3 Bg7 10. Nbd2 O-O 11. b4 Qe8 12. Bb3 Kh8 13. Qe2 f5 14. exf5 gxf5
15. Ng5 Qg6 16. Ndf3 h6 17. Rad1 Rad8 18. Rxd7 Rxd7 19. Ne6 Rb8 20. Nxg7 Qxg7
21. b5 axb5 22. Qxb5 f4 23. Bc1 Nf5 24. Qe2 Nd6 25. Bb2 Re7 26. Kh1 b5 27. Nh4
Qg5 28. g3 Rbe8 29. a4 Na5 30. Bc2 Rg7 31. axb5 Nac4 32. Bc1 Qg4 33. Qd3 e4 34.
Qd4 Qe2 35. Qd1 Qxd1 36. Rxd1 e3 37. Ng6+ Kg8 38. Nxf4 exf2 39. Kg2 Ne3+ 40.
Bxe3 Rxe3 41. Bb3+ Kh8 42. Kxf2 Rxc3 43. Be6 Rc2+ 44. Kf3 Rc3+ 45. Kf2 Rc2+ 46.
Kf3 Rb2 47. Nd5 Nxb5 48. Nf6 Nd6 49. Nd5 Ne8 50. Nf4 Rb8 51. Rd5 Nd6 52. Rc5
Rf8 53. Rh5 Kh7 54. Bb3 Rg5 55. Rh3 Rc5 56. Ke2 Nf5 57. Ne6 Re5+ 58. Kd2 Re8
59. Rh5 Kg6 60. g4 Nd4 61. Nxd4 Rxh5 62. gxh5+ Kf6 63. Kd3 1/2-1/2

[Event "International Tournament"]
[Site "Pool "]
[Date "2022.07.09"]
[Round "2.62"]
[White "Veselov, Yaroslav"]
[Black "Ignat, Matei-Marius"]
[Result "1-0"]
[WhiteElo "2206"]
[BlackElo "2055"]
[Annotator "Balkanchess"]
[PlyCount "64"]
[EventDate "2022.07.08"]

1. d4 d5 2. c4 c6 3. cxd5 cxd5 4. Bf4 Nc6 5. e3 Nf6 6. Bb5 Bd7 7. Nc3 a6 8. Bd3
Bg4 9. Nge2 e6 10. O-O Bd6 11. Bxd6 Qxd6 12. Rc1 O-O 13. Na4 e5 14. dxe5 Nxe5
15. f3 Bd7 16. Nc5 Rac8 17. Nxd7 Qxd7 18. Rxc8 Rxc8 19. Nd4 g6 20. Qe2 Nxd3 21.
Qxd3 Qe7 22. Rd1 Qe5 23. b3 Qc7 24. Qd2 Re8 25. Re1 h5 26. Qf2 Rc8 27. Qg3 Qxg3
28. hxg3 Kf8 29. Rd1 Ke7 30. Kf2 Nd7 31. Rd2 Kd6 32. Ne2 Nf6 {...60} 1-0

[Event "International Tournament"]
[Site "Pool "]
[Date "2022.07.09"]
[Round "2.63"]
[White "Atanasov, Margarit"]
[Black "Balabayeva, Xeniya"]
[Result "1/2-1/2"]
[WhiteElo "2043"]
[BlackElo "2198"]
[PlyCount "72"]
[EventDate "2022.07.08"]

1. e4 c6 2. d4 d5 3. Nc3 dxe4 4. Nxe4 Nf6 5. Nxf6+ exf6 6. Nf3 Bd6 7. Be2 O-O
8. O-O Re8 9. Be3 Nd7 10. Qd2 Nf8 11. c4 Ng6 12. Rfe1 Be6 13. Rad1 Qd7 14. d5
cxd5 15. cxd5 Bg4 16. Nd4 Bxe2 17. Rxe2 Rad8 18. Nf3 Bf4 19. h3 Bb8 20. Qb4 Bd6
21. Qc4 b6 22. Red2 Rc8 23. Qg4 f5 24. Qh5 h6 25. g4 fxg4 26. Qxg4 Qxg4+ 27.
hxg4 f6 28. Nd4 Red8 29. Nf5 Rc7 30. f3 Rcd7 31. Kf2 Kf7 32. Rc2 Be5 33. d6 Nf4
34. Bxf4 Bxf4 35. Rd4 Be5 36. Ra4 a5 1/2-1/2

[Event "International Tournament"]
[Site "Pool "]
[Date "2022.07.09"]
[Round "2.64"]
[White "Radojicic, Aleksandar M"]
[Black "Csernyik, Mark"]
[Result "1-0"]
[WhiteElo "2188"]
[BlackElo "2022"]
[PlyCount "105"]
[EventDate "2022.07.08"]

1. d4 Nf6 2. Nc3 d5 3. Bf4 g6 4. e3 Bg7 5. Nb5 Na6 6. h3 c6 7. Nc3 Nc7 8. Nf3
O-O 9. a4 Nce8 10. Bd3 Nd6 11. Ne5 Nd7 12. Nf3 f6 13. e4 e5 14. dxe5 fxe5 15.
Bg5 Bf6 16. Bxf6 Nxf6 17. Qe2 d4 18. Nb1 Be6 19. Nbd2 Nd7 20. Nc4 Nxc4 21. Bxc4
Qf6 22. O-O Kg7 23. Bxe6 Qxe6 24. Ne1 c5 25. b3 g5 26. Nd3 Kg6 27. Qg4 Qxg4 28.
hxg4 Rac8 29. Nb2 Rc6 30. f3 b6 31. Kf2 a6 32. Ke2 b5 33. axb5 axb5 34. Ra7 Nf6
35. Nd3 Re8 36. Ra5 c4 37. bxc4 Rxc4 38. Kd2 Nd7 39. Rxb5 h5 40. Rd5 Rec8 41.
Rd6+ Kf7 42. Rxd7+ Ke6 43. Rc1 Kxd7 44. Nxe5+ Ke6 45. Nxc4 Rxc4 46. gxh5 Ke5
47. h6 g4 48. h7 Rc8 49. Rh1 Rh8 50. Kd3 gxf3 51. gxf3 Kf4 52. Rh3 Ke5 53. Rh4
1-0

[Event "International Tournament"]
[Site "Pool "]
[Date "2022.07.09"]
[Round "2.65"]
[White "Gokcek, Kursat Bugra"]
[Black "Gordon, Evgeny"]
[Result "1-0"]
[WhiteElo "2185"]
[BlackElo "2009"]
[PlyCount "53"]
[EventDate "2022.07.08"]

1. e4 e6 2. d3 c5 3. Nf3 Nc6 4. g3 g6 5. Bg2 Bg7 6. O-O Nge7 7. c3 d5 8. Qe2
O-O 9. e5 Rb8 10. Re1 Qc7 11. Bf4 b5 12. Nbd2 c4 13. d4 b4 14. Nf1 a5 15. Ne3
a4 16. a3 bxc3 17. bxc3 Rb3 18. Rac1 Qb6 19. Ng4 Rb2 20. Rc2 Rxc2 21. Qxc2 Nf5
22. Rb1 Ncxd4 23. cxd4 Nxd4 24. Nxd4 Qxd4 25. Rd1 Qc5 26. Qc1 d4 27. Bh6 1-0